000 00267nam a22001217a 4500
008 190306b xxu||||| |||| 00| 0 eng d
041 _aeng
080 _22nd
_a617
100 _a8
101 _aORT
245 _aPediatric Orthopaedics
_cLovell,W.W
942 _2udc
_cBK
999 _c54593
_d54593